000 00943nam a2200229 a 4500
999 _c11229
_d11229
001 11229
003 BD-JhCC
005 20190806194519.0
008 190606s 2017bg a|||| ||a| 000 0 ben d
020 _a9847009604355
035 _a(BD-JhCC)11229
040 _aBD-JhCC
_dBD-JhCC
041 _aben
082 _a954.9205
_bHOS 2017
100 _aহোসেন, জয়দুল
245 _aমুক্তিযুদ্ধের কিশোর ইতিহাস :
_bব্রাহ্মণবাড়িয়া জেলা /
_cজয়দুল হোসেন, , আমিনুর রহমান সুলতান (সম্পা)
260 _aঢাকা:
_bতাম্রলিপি;
_c২০১৭.
300 _a১৬৭ পৃ. :
_bill;
_c২২ সেমি.
650 _aLiberation war
_xjuvenile
_y1971
_zBangladesh
700 _aসুলতান, আমিনুর রহমান
942 _2ddc
_cBK